| 000 | 00350nam a2200145Ia 4500 | ||
|---|---|---|---|
| 008 | 100122s9999 xx 000 0 und d | ||
| 082 |
_b63276 _a940.311 |
||
| 100 | _aCOLLIER BASIL | ||
| 245 | _aBARREN VICTORIES | ||
| 260 |
_bCASSELL & CO LTD _c1964 |
||
| 300 | _a295 | ||
| 630 | _aBARREN VICTORIES | ||
| 730 | _aBARREN VICTORIES | ||
| 942 | _cBOOK | ||
| 999 |
_c379037 _d379034 |
||